[Event "IND-ch Challengers (Women) 44th"]
[Site "Mysore"]
[Date "2017.07.26"]
[Round "8"]
[White "Meenakshi, Subbaraman"]
[Black "Gomes, Mary Ann"]
[Result "1/2-1/2"]
[WhiteElo "2181"]
[BlackElo "2331"]
[PlyCount "62"]
[EventDate "2017.07.21"]
[EventType "swiss"]
[EventRounds "11"]
[EventCountry "IND"]
[SourceTitle "EXT 2019"]
[Source "ChessBase"]
[SourceDate "2018.10.10"]
[SourceVersion "1"]
[SourceVersionDate "2018.10.10"]
[SourceQuality "1"]

1. Nf3 c5 2. c4 Nc6 3. d4 cxd4 4. Nxd4 g6 5. e4 Bg7 6. Be3 Nf6 7. Nc3 0-0 8. Be2 Nxd4 9. Bxd4 d6 10. 0-0 Bd7 11. Qd2 Bc6 12. f3 Nd7 13. Be3 a5 14. Rab1 Nc5 15. Nd5 e6 16. Nc3 Be5 17. Rfd1 Qh4 18. g3 Qe7 19. Nb5 Rfd8 20. Nd4 Be8 21. Bf1 Bg7 22. b3 d5 23. exd5 exd5 24. Bg5 Bf6 25. Bxf6 Qxf6 26. Qf2 dxc4 27. Bxc4 Rd6 28. Nb5 Bxb5 29. Bxb5 Rad8 30. Rxd6 Qxd6 31. Bc4 b6 1/2-1/2

[Event "Kolkata GM op 2nd"]
[Site "Kolkata"]
[Date "2015.03.16"]
[Round "1"]
[White "Wang, Chen"]
[Black "Meenakshi, Subbaraman"]
[Result "1-0"]
[WhiteElo "2500"]
[BlackElo "2215"]
[PlyCount "75"]
[EventDate "2015.03.16"]
[EventType "swiss"]
[EventRounds "9"]
[EventCountry "IND"]
[SourceTitle "CBM 165 Extra"]
[Source "ChessBase"]
[SourceDate "2015.04.21"]
[SourceVersion "1"]
[SourceVersionDate "2015.04.21"]
[SourceQuality "1"]

1. e4 d6 2. d4 Nf6 3. Nc3 Nbd7 4. Be3 e5 5. f3 Be7 6. Qd2 c6 7. Nge2 Qc7 8. g4 h6 9. a4 exd4 10. Nxd4 Ne5 11. Be2 a6 12. h3 c5 13. Nf5 Bxf5 14. gxf5 0-0-0 15. 0-0-0 Kb8 16. Rhg1 Bf8 17. Kb1 Nc6 18. Bf2 Nb4 19. Bc4 Qd7 20. Bh4 Ka7 21. Qf2 Qc7 22. Qh2 Rd7 23. Bg3 Nc6 24. Qf2 Nd4 25. Bh4 Ne8 26. Nd5 Qc6 27. a5 f6 28. Nb6 Re7 29. c3 Nb5 30. Bg3 Re5 31. Bd5 Qc7 32. c4 Nd4 33. Rxd4 cxd4 34. b4 g5 35. Qxd4 Kb8 36. Bf2 Qd8 37. Na4 Rxd5 38. Qa7+ 1-0

[Event "IND-chT (Women) 13th"]
[Site "Goa"]
[Date "2015.02.22"]
[Round "3"]
[White "Varshini, Veileven"]
[Black "Meenakshi, Subbaraman"]
[Result "1/2-1/2"]
[WhiteElo "2186"]
[BlackElo "2219"]
[PlyCount "63"]
[EventDate "2015.02.20"]
[EventType "team-tourn"]
[EventRounds "7"]
[EventCountry "IND"]
[SourceTitle "CBM 165 Extra"]
[Source "ChessBase"]
[SourceDate "2015.04.21"]
[SourceVersion "1"]
[SourceVersionDate "2015.04.21"]
[SourceQuality "1"]
[WhiteTeam "Airports Authority (W)"]
[BlackTeam "Air India (W)"]
[WhiteTeamCountry "IND"]
[BlackTeamCountry "IND"]

1. e4 d6 2. d4 Nf6 3. Nc3 Nbd7 4. Nf3 e5 5. Bc4 Be7 6. 0-0 0-0 7. dxe5 dxe5 8. Be3 Nc5 9. Nd2 Ne6 10. Bxe6 Bxe6 11. f4 exf4 12. Bxf4 Bd6 13. e5 Bc5+ 14. Kh1 Nd5 15. Nxd5 Qd7 16. Ne4 Bf5 17. Qf3 Bg6 18. c3 Bxe4 19. Qxe4 Rad8 20. Be3 Bxe3 21. Qxe3 Rfe8 22. Qf4 Re7 23. Rae1 Re6 24. Qf5 Rde8 25. Re3 Rxe5 26. Rxe5 Rxe5 27. Qd3 h6 28. Rd1 Qe7 29. g3 g5 30. Kg1 a5 31. a4 Re4 32. Kf1 1/2-1/2

[Event "Keshabananda Das Memorial 3rd"]
[Site "Bhubaneswar"]
[Date "2014.08.21"]
[Round "6"]
[White "Narayanan, Srinath"]
[Black "Meenakshi, Subbaraman"]
[Result "1-0"]
[WhiteElo "2405"]
[BlackElo "2232"]
[PlyCount "88"]
[EventDate "2014.08.18"]
[EventType "swiss"]
[EventRounds "10"]
[EventCountry "IND"]
[SourceTitle "CBM 162 Extra"]
[Source "ChessBase"]
[SourceDate "2014.10.17"]
[SourceVersion "1"]
[SourceVersionDate "2014.10.17"]
[SourceQuality "1"]

1. e4 d6 2. d4 Nf6 3. Nc3 Nbd7 4. Nf3 e5 5. Bc4 Be7 6. 0-0 0-0 7. a4 c6 8. Re1 b6 9. h3 Qc7 10. Bg5 Re8 11. Ba2 Bb7 12. Qe2 Nf8 13. dxe5 dxe5 14. Nh4 Ne6 15. Bxe6 fxe6 16. Qc4 Bc5 17. a5 Rad8 18. Nf3 Rd7 19. Be3 Bxe3 20. Rxe3 c5 21. axb6 axb6 22. Rd3 Bc6 23. Nb5 Qb8 24. Rxd7 Bxd7 25. Rd1 Bxb5 26. Qxb5 Qc7 27. Qc4 h6 28. Re1 Qd6 29. Qc3 Nd7 30. Ra1 Qb8 31. Rd1 Re7 32. Rd3 Kh7 33. Qd2 Nf6 34. Rd8 Qc7 35. Qd6 Qxd6 36. Rxd6 Ra7 37. Rxb6 Ra1+ 38. Kh2 Nxe4 39. Rxe6 Nxf2 40. Rxe5 Rh1+ 41. Kg3 Nd1 42. b3 Nc3 43. Re1 Rxe1 44. Nxe1 Kg6 1-0

[Event "Incheon op (Women) 4th"]
[Site "Incheon"]
[Date "2013.06.30"]
[Round "1"]
[White "Meenakshi, Subbaraman"]
[Black "Atthaworadej, Worasuda"]
[Result "1-0"]
[WhiteElo "2237"]
[BlackElo "1727"]
[PlyCount "129"]
[EventDate "2013.06.30"]
[EventType "swiss"]
[EventRounds "7"]
[EventCountry "KOR"]
[SourceTitle "CBM 155 Extra"]
[Source "ChessBase"]
[SourceDate "2013.08.26"]
[SourceVersion "1"]
[SourceVersionDate "2013.08.26"]
[SourceQuality "1"]

1. d4 Nf6 2. c4 g6 3. Nf3 Bg7 4. g3 0-0 5. Bg2 d6 6. Nc3 Nc6 7. 0-0 Bf5 8. Nh4 Bd7 9. e4 e5 10. d5 Ne7 11. f4 exf4 12. gxf4 Ne8 13. Qe1 c6 14. Kh1 a6 15. e5 cxd5 16. cxd5 Nf5 17. e6 Qxh4 18. Qxh4 Nxh4 19. e7 Nxg2 20. Kxg2 Nc7 21. exf8Q+ Kxf8 22. Bd2 Nxd5 23. Nxd5 Bc6 24. Bc3 Bxd5+ 25. Kf2 Bxc3 26. bxc3 Ke7 27. Rfd1 Be6 28. Rdb1 Bd5 29. c4 Be4 30. Re1 f5 31. Ke3 Rc8 32. Kd4 Ke6 33. Rab1 Kf6 34. Rb6 Rd8 35. Re3 Kg7 36. Rh3 Rd7 37. Rg3 Rd8 38. h3 Rd7 39. Re3 Kf7 40. a3 Kg7 41. Rb2 Kf6 42. h4 Rc7 43. Rh2 h5 44. Rb2 Kf7 45. Re1 Kg7 46. Rb3 Kf7 47. Rb6 Rd7 48. Rb3 Kf6 49. Rg1 Rc7 50. Rb6 Rd7 51. Kc3 Kf7 52. Rd1 Ke7 53. c5 dxc5 54. Rxd7+ Kxd7 55. Rxg6 Kc7 56. Rg5 Bf3 57. Rxf5 Kd6 58. Rg5 Bg4 59. Kd3 b6 60. Rg6+ Kc7 61. Ke4 Bd1 62. Rh6 c4 63. Kd4 Be2 64. f5 Kd7 65. Rxb6 1-0